000 00229nam a2200085Ia 4500
245 0 _aEarth and the solar system
100 _a BALLARD, Carol Oxford, 2009
_985320
942 _cBK
008 210817s9999 xx 000 0 und d
999 _c318318
_d318317